[Event "AUT_chT"]
[Site "2005/2006"]
[Date "2006.01.15"]
[Round "7"]
[White "Kleissl, Helmut"]
[Black "Hengl, Christian"]
[Result "0-1"]
[WhiteElo "2299"]
[BlackElo "2232"]
[PlyCount "100"]
[EventDate "2005.10.??"]
[EventType "team"]
[EventRounds "11"]
[EventCountry "AUT"]
[WhiteTeam "Sparkasse Jenbach"]
[BlackTeam "Sparkasse Goetzis"]
[WhiteTeamCountry "AUT"]
[BlackTeamCountry "AUT"]

1. Nf3 d6 2. d4 f5 3. g3 Nf6 4. Bg2 g6 5. O-O Bg7 6. c4 O-O 7. Nc3 c6 8. d5 e5
9. dxe6 Bxe6 10. b3 Qe7 11. Nd4 Na6 12. Nxe6 Qxe6 13. Bb2 Nc5 14. Qc2 Rfe8 15.
Rad1 Rad8 16. e3 Nce4 17. Ne2 Qe7 18. b4 d5 19. a3 dxc4 20. Qxc4+ Qf7 21. Qc2
Qe7 22. Bd4 a6 23. Rd3 Nd5 24. Rfd1 Bxd4 25. Rxd4 Ndf6 26. Qc4+ Kg7 27. Nf4
Rxd4 28. Qxd4 Qe5 29. Qb6 Re7 30. Rd4 Nxf2 31. Rd2 N2g4 32. Qd4 Qxe3+ 33. Qxe3
Nxe3 34. Bf3 g5 35. Ng2 Nxg2 36. Kxg2 g4 37. Be2 Ne4 38. Rd4 Kf6 39. Bc4 Ke5
40. Rd8 Nf6 41. Kf2 Rd7 42. Rb8 Rd4 43. Be2 Rd7 44. Bc4 h5 45. Ke3 h4 46. gxh4
f4+ 47. Ke2 Rh7 48. h5 Rxh5 49. Rxb7 Rxh2+ 50. Kd3 Rh3+ 0-1

[Event "AUT_chT"]
[Site "2005/2006"]
[Date "2006.01.15"]
[Round "7"]
[White "Kranz, Armin"]
[Black "Hoellrigl, Wilfried"]
[Result "1/2-1/2"]
[WhiteElo "2182"]
[BlackElo "2269"]
[PlyCount "100"]
[EventDate "2005.10.??"]
[EventType "team"]
[EventRounds "11"]
[EventCountry "AUT"]
[WhiteTeam "Sparkasse Goetzis"]
[BlackTeam "Sparkasse Jenbach"]
[WhiteTeamCountry "AUT"]
[BlackTeamCountry "AUT"]

1. d4 Nf6 2. Nf3 g6 3. c4 Bg7 4. Nc3 d5 5. Bg5 Ne4 6. cxd5 Nxg5 7. Nxg5 e6 8.
Nf3 exd5 9. b4 O-O 10. e3 b6 11. b5 c5 12. bxc6 Nxc6 13. Be2 Bb7 14. O-O Rc8
15. Rc1 Na5 16. Rc2 Qe7 17. Qc1 Qe6 18. Nd2 a6 19. a4 f5 20. g3 g5 21. Nf3 h6
22. Re1 Nc4 23. Bf1 Qd6 24. Nd2 f4 25. Bg2 fxe3 26. fxe3 Nxe3 27. Rxe3 Bxd4 28.
Nf3 Rxf3 29. Bxf3 Bxe3+ 30. Qxe3 d4 31. Qd3 Bxf3 32. Nb5 Qe6 33. Rxc8+ Qxc8 34.
Qg6+ Kf8 35. Qxh6+ Kg8 36. Qxg5+ Kh7 37. Qe7+ Kg6 38. Qd6+ Kh7 39. Qe7+ Kg8 40.
Qg5+ Kh7 41. Nxd4 Ba8 42. Qh5+ Kg7 43. Nf5+ Kf6 44. Qh6+ Ke5 45. Qf4+ Ke6 46.
Ng7+ Ke7 47. Nf5+ Ke6 48. Qh6+ Ke5 49. Qf4+ Ke6 50. Qh6+ Kd5 1/2-1/2

[Event "AUT_chT"]
[Site "2005/2006"]
[Date "2006.01.15"]
[Round "7"]
[White "Horvath, Csaba"]
[Black "Polzin, Rainer"]
[Result "1/2-1/2"]
[WhiteElo "2545"]
[BlackElo "2494"]
[PlyCount "57"]
[EventDate "2005.10.??"]
[EventType "team"]
[EventRounds "11"]
[EventCountry "AUT"]
[WhiteTeam "Die Klagenfurter"]
[BlackTeam "Wulkaprodersdorf"]
[WhiteTeamCountry "AUT"]
[BlackTeamCountry "AUT"]

1. d4 Nf6 2. c4 g6 3. Nc3 Bg7 4. e4 d6 5. Be2 O-O 6. Bg5 c5 7. d5 h6 8. Bf4 a6
9. Qd2 b5 10. cxb5 axb5 11. Bxb5 Qa5 12. Bd3 g5 13. Bg3 Ba6 14. Nge2 Nbd7 15.
Bxa6 Rxa6 16. h4 Qb4 17. hxg5 hxg5 18. f3 Rb6 19. Qxg5 Qxb2 20. Kf2 Nh7 21.
Rxh7 Kxh7 22. Rh1+ Kg8 23. Na4 Qf6 24. Qxf6 Bxf6 25. Nxb6 Nxb6 26. Rb1 Nc4 27.
Rc1 Nb2 28. Ke3 Ra8 29. e5 1/2-1/2

[Event "AUT_chT"]
[Site "2005/2006"]
[Date "2006.01.15"]
[Round "7"]
[White "Sprenger, Jan Michael"]
[Black "Lazarev, Vladimir"]
[Result "0-1"]
[WhiteElo "2505"]
[BlackElo "2503"]
[PlyCount "84"]
[EventDate "2005.10.??"]
[EventType "team"]
[EventRounds "11"]
[EventCountry "AUT"]
[WhiteTeam "Wulkaprodersdorf"]
[BlackTeam "Die Klagenfurter"]
[WhiteTeamCountry "AUT"]
[BlackTeamCountry "AUT"]

1. e4 c5 2. Nf3 Nc6 3. d4 cxd4 4. Nxd4 Qc7 5. Nc3 e6 6. g3 a6 7. Bg2 Nf6 8. O-O
d6 9. a4 Be7 10. Nb3 b6 11. f4 Bb7 12. Be3 O-O 13. g4 Rfe8 14. g5 Nd7 15. Qg4
Nb4 16. Rf2 Bf8 17. Rd1 Nc5 18. Nxc5 bxc5 19. Qg3 d5 20. exd5 exd5 21. Nxd5
Nxd5 22. Bxd5 Bxd5 23. Rxd5 Qb7 24. Rd1 Qxb2 25. f5 Qa3 26. Bc1 Qxa4 27. g6 Re4
28. gxf7+ Kxf7 29. Qd3 Rg4+ 30. Kf1 Rd4 31. Qf3 Qc4+ 32. Kg1 Rxd1+ 33. Qxd1 Be7
34. Rf4 Qa2 35. Ra4 Qxa4 36. Qd5+ Ke8 37. Qxa8+ Bd8 38. Qd5 Qd4+ 39. Qxd4 cxd4
40. Kf2 Kd7 41. Kf3 Kc6 42. Ke4 Kc5 0-1

[Event "AUT_chT"]
[Site "2005/2006"]
[Date "2006.01.15"]
[Round "7"]
[White "Horvath, Jozsef"]
[Black "Likavsky, Tomas"]
[Result "1-0"]
[WhiteElo "2525"]
[BlackElo "2493"]
[PlyCount "97"]
[EventDate "2005.10.??"]
[EventType "team"]
[EventRounds "11"]
[EventCountry "AUT"]
[WhiteTeam "Die Klagenfurter"]
[BlackTeam "Wulkaprodersdorf"]
[WhiteTeamCountry "AUT"]
[BlackTeamCountry "AUT"]

1. Nf3 e6 2. c4 b6 3. g3 Bb7 4. Bg2 f5 5. O-O Nf6 6. d4 a5 7. d5 Na6 8. Nd4 Bc5
9. Nc3 O-O 10. e3 Re8 11. b3 Bxd4 12. exd4 d6 13. dxe6 Bxg2 14. Kxg2 Rxe6 15.
Qf3 g6 16. Bg5 Qf8 17. Rae1 Rxe1 18. Rxe1 Re8 19. Rxe8 Nxe8 20. Qe2 Qf7 21. Nd5
Kg7 22. Qe3 Nb4 23. Bh6+ Kh8 24. Nxb4 axb4 25. d5 Kg8 26. f3 Nf6 27. Qe1 Nd7
28. Qxb4 Qe7 29. Qd2 Qe5 30. Be3 Qa1 31. Bd4 Qb1 32. Qe2 Kf8 33. Qe6 Nc5 34.
Qc8+ Ke7 35. Bxc5 bxc5 36. Qxc7+ Ke8 37. Qxh7 Qxa2+ 38. Kh3 Qb1 39. Qxg6+ Kd7
40. Qe6+ Kc7 41. Qe7+ Kc8 42. Qe8+ Kb7 43. Qc6+ Ka7 44. Qxd6 Qf1+ 45. Kh4 Qxf3
46. Qxc5+ Ka8 47. Qc8+ Ka7 48. Qc7+ Ka8 49. Qf4 1-0

[Event "AUT_chT"]
[Site "2005/2006"]
[Date "2006.01.15"]
[Round "7"]
[White "Volkmann, Friedrich Karl"]
[Black "Moser, Guenter"]
[Result "0-1"]
[WhiteElo "2421"]
[BlackElo "2359"]
[PlyCount "60"]
[EventDate "2005.10.??"]
[EventType "team"]
[EventRounds "11"]
[EventCountry "AUT"]
[WhiteTeam "Wulkaprodersdorf"]
[BlackTeam "Die Klagenfurter"]
[WhiteTeamCountry "AUT"]
[BlackTeamCountry "AUT"]

1. e4 c6 2. c4 e5 3. Nf3 d6 4. d4 Nd7 5. Nc3 Ngf6 6. g3 Qa5 7. Qc2 g6 8. d5 Bg7
9. Rb1 O-O 10. b4 Qc7 11. Bd3 a6 12. dxc6 bxc6 13. O-O Bb7 14. c5 d5 15. Nd2
Rfd8 16. Nb3 Nf8 17. f4 Bc8 18. fxe5 Qxe5 19. Bb2 Qg5 20. Rbe1 Bh3 21. Rf3 Re8
22. Nd4 Nxe4 23. Nxe4 dxe4 24. Rxe4 Rxe4 25. Bxe4 Re8 26. Bc3 Rxe4 27. Qxe4
Qc1+ 28. Kf2 Ne6 29. Qxc6 Bxd4+ 30. Bxd4 Qd2+ 0-1

[Event "AUT_chT"]
[Site "2005/2006"]
[Date "2006.01.15"]
[Round "7"]
[White "Genser, Harald"]
[Black "Sommerbauer, Norbert"]
[Result "0-1"]
[WhiteElo "2336"]
[BlackElo "2452"]
[PlyCount "66"]
[EventDate "2005.10.??"]
[EventType "team"]
[EventRounds "11"]
[EventCountry "AUT"]
[WhiteTeam "Die Klagenfurter"]
[BlackTeam "Wulkaprodersdorf"]
[WhiteTeamCountry "AUT"]
[BlackTeamCountry "AUT"]

1. d4 d5 2. Nf3 e6 3. c4 c5 4. Nc3 cxd4 5. Nxd4 e5 6. Nf3 d4 7. Nd5 Nc6 8. e3
Nf6 9. Nxf6+ Qxf6 10. exd4 e4 11. Ne5 Nxe5 12. dxe5 Qxe5 13. Qb3 Bc5 14. g3 Qe7
15. a3 O-O 16. Be3 Be6 17. Bxc5 Qxc5 18. Be2 f5 19. Qe3 Qe5 20. O-O-O Rfc8 21.
Rd4 b5 22. g4 Bxc4 23. Bxc4+ Rxc4+ 24. Rxc4 bxc4 25. gxf5 Rb8 26. Qd2 Qxf5 27.
Re1 c3 28. bxc3 Qc5 29. Qa2+ Kh8 30. Re3 h6 31. Kd1 Qh5+ 32. Qe2 Qd5+ 33. Kc1
Qb3 0-1

[Event "AUT_chT"]
[Site "2005/2006"]
[Date "2006.01.15"]
[Round "7"]
[White "Schweda, Roland"]
[Black "Titz, Heimo"]
[Result "1/2-1/2"]
[WhiteElo "2416"]
[BlackElo "2268"]
[PlyCount "100"]
[EventDate "2005.10.??"]
[EventType "team"]
[EventRounds "11"]
[EventCountry "AUT"]
[WhiteTeam "Wulkaprodersdorf"]
[BlackTeam "Die Klagenfurter"]
[WhiteTeamCountry "AUT"]
[BlackTeamCountry "AUT"]

1. d4 Nf6 2. c4 e6 3. Nc3 Bb4 4. e3 c5 5. Nge2 cxd4 6. exd4 O-O 7. a3 Be7 8.
Nf4 d5 9. cxd5 Nxd5 10. Ncxd5 exd5 11. Bd3 Nc6 12. O-O Bf6 13. Be3 g6 14. Rc1
Qd6 15. Rc5 Be6 16. Nxe6 Qxe6 17. Qa4 Be7 18. Rc2 a6 19. Re2 Qd7 20. Rfe1 Rfe8
21. b4 Bf8 22. Bb1 Bg7 23. Ba2 Rad8 24. Qd1 Re6 25. Rc2 Bf8 26. Qd3 Bd6 27. Rb1
Qe7 28. g3 Bb8 29. Rc5 Red6 30. b5 axb5 31. Rcxb5 R6d7 32. Qb3 Ba7 33. Rxb7
Nxd4 34. Bxd4 Bxd4 35. Rxd7 Qxd7 36. Rd1 Qa7 37. Qf3 Qc5 38. Rd2 Kg7 39. Kg2
Rd6 40. a4 Rf6 41. Qxd5 Bxf2 42. Qxc5 Bxc5 43. Bc4 Bb6 44. Ra2 Ba5 45. Rb2 Rc6
46. Rb5 Rxc4 47. Rxa5 Rc2+ 48. Kh3 h5 49. Rb5 Ra2 50. a5 Rc2 1/2-1/2

[Event "AUT_chT"]
[Site "2005/2006"]
[Date "2006.01.15"]
[Round "7"]
[White "Balogh, Csaba"]
[Black "Gustafsson, Jan"]
[Result "1/2-1/2"]
[WhiteElo "2561"]
[BlackElo "2614"]
[PlyCount "113"]
[EventDate "2005.10.??"]
[EventType "team"]
[EventRounds "11"]
[EventCountry "AUT"]
[WhiteTeam "Admiral Fuerstenfeld"]
[BlackTeam "Hohenems"]
[WhiteTeamCountry "AUT"]
[BlackTeamCountry "AUT"]

1. e4 e5 2. Nf3 Nc6 3. Bb5 a6 4. Bxc6 dxc6 5. O-O f6 6. d4 exd4 7. Nxd4 c5 8.
Ne2 Qxd1 9. Rxd1 Bd7 10. Nbc3 O-O-O 11. Be3 Re8 12. Rd2 Bc6 13. Rad1 b6 14. f3
Ne7 15. Nf4 Ng6 16. Nxg6 hxg6 17. Bf4 Be7 18. Nd5 Bd8 19. Ne3 g5 20. Bg3 g6 21.
Bf2 Rh7 22. g4 Rd7 23. Bg3 Rxd2 24. Rxd2 Bd7 25. Kf2 Be6 26. c4 Rh8 27. b3 Be7
28. Nd5 Bd8 29. Ne3 Be7 30. f4 gxf4 31. Bxf4 Bd8 32. Kf3 Bf7 33. Bg3 Be8 34.
Nd5 Bf7 35. Rf2 Be6 36. Nf4 Bf7 37. Ke3 c6 38. Rd2 Be7 39. Ng2 b5 40. Rc2 Rd8
41. Kf3 Rd3+ 42. Ne3 a5 43. Be1 a4 44. Ke2 axb3 45. Kxd3 bxc2 46. Kxc2 Bd6 47.
h4 Bf4 48. Bf2 Kd7 49. Kd3 Kd6 50. Be1 Be5 51. Bf2 Kd7 52. Be1 Bd4 53. Bd2 Be5
54. Be1 Kd6 55. Bf2 Bh2 56. Be1 Be5 57. Bf2 1/2-1/2

[Event "AUT_chT"]
[Site "2005/2006"]
[Date "2006.01.15"]
[Round "7"]
[White "Baramidze, David"]
[Black "Pinter, Jozsef"]
[Result "1-0"]
[WhiteElo "2554"]
[BlackElo "2530"]
[PlyCount "133"]
[EventDate "2005.10.??"]
[EventType "team"]
[EventRounds "11"]
[EventCountry "AUT"]
[WhiteTeam "Hohenems"]
[BlackTeam "Admiral Fuerstenfeld"]
[WhiteTeamCountry "AUT"]
[BlackTeamCountry "AUT"]

1. e4 e5 2. Nf3 Nc6 3. Bb5 a6 4. Ba4 Nf6 5. O-O Be7 6. Re1 b5 7. Bb3 O-O 8. a4
Bb7 9. d3 d6 10. Nbd2 Nd7 11. c3 Nc5 12. axb5 axb5 13. Rxa8 Bxa8 14. Bc2 Ne6
15. Nf1 Ng5 16. Ne3 Nxf3+ 17. Qxf3 Bg5 18. Qg4 g6 19. b4 Bb7 20. Bb3 Bc8 21.
Qe2 Bd7 22. Bb2 Bf6 23. Rf1 Bg7 24. f4 exf4 25. Rxf4 Ne7 26. c4 Be5 27. Qf2
Bxb2 28. Qxb2 bxc4 29. Bxc4 Be6 30. b5 h5 31. g4 hxg4 32. Nxg4 Bxg4 33. Rxg4 d5
34. Rh4 f6 35. exd5 Kg7 36. Re4 Nf5 37. Re6 Re8 38. Qf2 Rxe6 39. dxe6 Qd6 40.
Kh1 Qe5 41. b6 cxb6 42. Qxb6 Ne3 43. Qa7+ Kh6 44. Qa2 Qc3 45. h3 Qe1+ 46. Kh2
Nf5 47. Qg2 Nh4 48. Qb2 Nf5 49. Qg2 Qe3 50. Qg4 Qe5+ 51. Kh1 Qe1+ 52. Qg1 Qe2
53. Qg2 Qe3 54. Qg4 Ng3+ 55. Kg2 Nh5 56. Qe4 Qd2+ 57. Kf3 Qh2 58. Qe3+ g5 59.
e7 Nf4 60. Ke4 Qh1+ 61. Kf5 Qf1 62. e8=Q Nd5+ 63. Ke6 Nxe3 64. Qh8+ Kg6 65.
Qg8+ Kh6 66. Kf7 Qf5 67. Qg7+ 1-0

[Event "AUT_chT"]
[Site "2005/2006"]
[Date "2006.01.15"]
[Round "7"]
[White "Fogarasi, Tibor"]
[Black "Atlas, Valeri"]
[Result "1/2-1/2"]
[WhiteElo "2481"]
[BlackElo "2480"]
[PlyCount "256"]
[EventDate "2005.10.??"]
[EventType "team"]
[EventRounds "11"]
[EventCountry "AUT"]
[WhiteTeam "Admiral Fuerstenfeld"]
[BlackTeam "Hohenems"]
[WhiteTeamCountry "AUT"]
[BlackTeamCountry "AUT"]

1. e4 c5 2. Nf3 e6 3. d4 cxd4 4. Nxd4 Nf6 5. Nc3 d6 6. f4 Be7 7. Bd3 Nc6 8. Nf3
O-O 9. Qe2 Nb4 10. a3 Nxd3+ 11. cxd3 b6 12. O-O a5 13. Nd4 Bb7 14. Be3 Rc8 15.
Rac1 Re8 16. Na4 Nd7 17. Rxc8 Qxc8 18. Rc1 Qb8 19. Nc3 Rc8 20. f5 e5 21. Ndb5
Nf6 22. Bg5 d5 23. Bxf6 Bxf6 24. exd5 Bxd5 25. Rf1 Bc6 26. a4 Bxb5 27. Nxb5 h6
28. Kh1 Rc6 29. h3 Qd8 30. Nc3 Rd6 31. Rf3 Rd4 32. Re3 Qd7 33. Rf3 Rb4 34. Rf2
Rd4 35. Rf3 h5 36. Ne4 h4 37. b3 Qc6 38. Rf1 Kf8 39. Rd1 Qc8 40. Rf1 Qd7 41.
Rf3 Qc6 42. Kh2 Rd7 43. Qe3 Rd4 44. Qe2 Rb4 45. Qd1 Qd5 46. Qc2 Kg8 47. Nd2 Rf4
48. Rxf4 exf4 49. Nf3 Qxf5 50. Qc6 Qe6 51. Qb5 Kf8 52. b4 axb4 53. Qxb4+ Be7
54. Qb5 Qd6 55. d4 Bd8 56. Kh1 g6 57. Kh2 Bf6 58. Qc4 Kg7 59. Qc3 Qd5 60. Qb4
Bd8 61. Qc3 g5 62. Qc8 Bf6 63. Qc3 Qd7 64. a5 bxa5 65. Qxa5 g4 66. hxg4 Qxg4
67. Qe1 Kh6 68. Qf2 Kh5 69. Qe1 h3 70. Qf2 hxg2 71. Qxg2 Qxg2+ 72. Kxg2 Kg4 73.
d5 Kf5 74. Kf2 Ke4 75. d6 Kd5 76. d7 Ke6 77. Ke2 Kxd7 78. Kd3 Bd8 79. Ke4 Bc7
80. Ng5 Ke7 81. Kf5 Kf8 82. Nh3 Kg7 83. Ng5 Bd6 84. Nh3 Bb8 85. Ng5 Bc7 86. Nh3
Bd6 87. Ng5 Kf8 88. Nh3 Ke7 89. Ng5 Ba3 90. Nf3 Bc1 91. Ne5 Be3 92. Nf3 Kd6 93.
Nh4 Bc1 94. Ke4 Ke6 95. Ng2 Bd2 96. Nh4 Kf6 97. Nf3 Bc1 98. Ne5 Ke6 99. Nf3 f5+
100. Kd3 Kf6 101. Ke2 Be3 102. Kd3 Kg6 103. Ke2 Kh5 104. Kf1 Bc5 105. Kg2 Bb6
106. Kh3 Bf2 107. Kg2 Bg3 108. Kh3 Kg6 109. Kg2 Kf6 110. Kf1 Ke6 111. Ke2 Kd5
112. Kd3 Bf2 113. Ng5 Bc5 114. Nf3 Be7 115. Nd4 Ke5 116. Nf3+ Kf6 117. Ke2 Bc5
118. Kf1 Be3 119. Ke2 Bb6 120. Kf1 Ke6 121. Ke2 Kd5 122. Kd3 Bf2 123. Ke2 Bd4
124. Kd3 Bf6 125. Nd2 Kc5 126. Nf3 Kb4 127. Nd2 Be7 128. Nf3 Bf6 1/2-1/2

[Event "AUT_chT"]
[Site "2005/2006"]
[Date "2006.01.15"]
[Round "7"]
[White "Naumann, Alexander"]
[Black "Baumegger, Siegfried"]
[Result "1-0"]
[WhiteElo "2532"]
[BlackElo "2413"]
[PlyCount "79"]
[EventDate "2005.10.??"]
[EventType "team"]
[EventRounds "11"]
[EventCountry "AUT"]
[WhiteTeam "Hohenems"]
[BlackTeam "Admiral Fuerstenfeld"]
[WhiteTeamCountry "AUT"]
[BlackTeamCountry "AUT"]

1. e4 e6 2. d4 d5 3. Nd2 c5 4. exd5 Qxd5 5. Ngf3 cxd4 6. Bc4 Qd6 7. O-O Nf6 8.
Nb3 Nc6 9. Nbxd4 Nxd4 10. Nxd4 Bd7 11. b3 O-O-O 12. Bb2 Qc7 13. Qe2 h5 14. Nf3
Ng4 15. h3 Bc6 16. Ne5 Nxe5 17. Bxe5 Bd6 18. Bxd6 Qxd6 19. Bb5 Qd2 20. Qxd2
Rxd2 21. Bd3 e5 22. Rae1 Re8 23. h4 g6 24. f3 Kc7 25. Rf2 Rxf2 26. Kxf2 Kd6 27.
b4 b6 28. Bc4 Re7 29. Bb3 Bd7 30. g3 Be6 31. c4 f6 32. f4 exf4 33. gxf4 Kd7 34.
Re3 Rg7 35. Ba4+ Ke7 36. c5 Kf7 37. c6 g5 38. c7 Bg4 39. Be8+ Kf8 40. Bxh5 1-0

[Event "AUT_chT"]
[Site "2005/2006"]
[Date "2006.01.15"]
[Round "7"]
[White "Kuba, Guenter"]
[Black "Novkovic, Milan"]
[Result "0-1"]
[WhiteElo "2406"]
[BlackElo "2402"]
[PlyCount "64"]
[EventDate "2005.10.??"]
[EventType "team"]
[EventRounds "11"]
[EventCountry "AUT"]
[WhiteTeam "Admiral Fuerstenfeld"]
[BlackTeam "Hohenems"]
[WhiteTeamCountry "AUT"]
[BlackTeamCountry "AUT"]

1. e4 c5 2. Nf3 e6 3. c3 Nf6 4. e5 Nd5 5. d4 cxd4 6. cxd4 d6 7. a3 Be7 8. Bd3
Nd7 9. O-O b6 10. Re1 Bb7 11. Nbd2 dxe5 12. dxe5 Qc7 13. Qa4 Kf8 14. Ne4 Nxe5
15. Nxe5 Qxe5 16. Bd2 Qb8 17. Ng5 Qd6 18. Rac1 h6 19. Ne4 Qd8 20. Ba6 Bxa6 21.
Qxa6 Kg8 22. Red1 Kh7 23. Qd3 f5 24. Ng3 Qd7 25. Bc3 Rhd8 26. Nh5 Bf8 27. Be5
Rac8 28. Rxc8 Qxc8 29. g4 Be7 30. Bxg7 Nf4 31. Qxd8 Bxd8 32. Nxf4 Kxg7 0-1

[Event "AUT_chT"]
[Site "2005/2006"]
[Date "2006.01.15"]
[Round "7"]
[White "Gaertner, Guntram"]
[Black "Wach, Markus"]
[Result "1/2-1/2"]
[WhiteElo "2352"]
[BlackElo "2376"]
[PlyCount "82"]
[EventDate "2005.10.??"]
[EventType "team"]
[EventRounds "11"]
[EventCountry "AUT"]
[WhiteTeam "Hohenems"]
[BlackTeam "Admiral Fuerstenfeld"]
[WhiteTeamCountry "AUT"]
[BlackTeamCountry "AUT"]

1. d4 c5 2. c3 d5 3. Nf3 Nc6 4. Bf4 Nf6 5. e3 Qb6 6. Qb3 c4 7. Qc2 Bf5 8. Qc1
h6 9. h3 e6 10. Be2 Qa5 11. Nbd2 b5 12. b4 Nxb4 13. cxb4 Bxb4 14. O-O Bc3 15.
Bc7 Qxc7 16. Qxc3 a5 17. Qa3 Qe7 18. Qxe7+ Kxe7 19. a3 b4 20. axb4 axb4 21.
Nxc4 dxc4 22. Bxc4 Bc2 23. Nd2 Ne4 24. Rxa8 Rxa8 25. Rc1 Nxd2 26. Rxc2 Nxc4 27.
Rxc4 Rb8 28. Kf1 b3 29. Rc1 b2 30. Rb1 Kd6 31. Ke2 Kd5 32. Kd3 f5 33. h4 g5 34.
hxg5 hxg5 35. g4 fxg4 36. e4+ Kd6 37. Kc3 Rc8+ 38. Kd3 Rb8 39. Kc3 e5 40. d5
Rc8+ 41. Kd3 Rb8 1/2-1/2

[Event "AUT_chT"]
[Site "2005/2006"]
[Date "2006.03.23"]
[Round "8"]
[White "Ruck, Robert"]
[Black "Baramidze, David"]
[Result "1/2-1/2"]
[WhiteElo "2540"]
[BlackElo "2554"]
[PlyCount "39"]
[EventDate "2005.10.??"]
[EventType "team"]
[EventRounds "11"]
[EventCountry "AUT"]
[WhiteTeam "Styria Graz - Kl.Zeitung"]
[BlackTeam "Hohenems"]
[WhiteTeamCountry "AUT"]
[BlackTeamCountry "AUT"]

1. Nf3 c5 2. c4 Nc6 3. Nc3 d6 4. d4 cxd4 5. Nxd4 Nf6 6. e4 e6 7. Be2 Be7 8. O-O
O-O 9. Be3 Bd7 10. Rc1 a6 11. Nb3 Rb8 12. c5 dxc5 13. Nxc5 Qc7 14. N3a4 Rfd8
15. Qc2 Be8 16. Nb3 Qe5 17. Nac5 Qc7 18. Na4 Qe5 19. Nac5 Qc7 20. Na4 1/2-1/2

[Event "AUT_chT"]
[Site "2005/2006"]
[Date "2006.03.23"]
[Round "8"]
[White "Shengelia, Davit"]
[Black "Naumann, Alexander"]
[Result "1/2-1/2"]
[WhiteElo "2562"]
[BlackElo "2532"]
[PlyCount "59"]
[EventDate "2005.10.??"]
[EventType "team"]
[EventRounds "11"]
[EventCountry "AUT"]
[WhiteTeam "Styria Graz - Kl.Zeitung"]
[BlackTeam "Hohenems"]
[WhiteTeamCountry "AUT"]
[BlackTeamCountry "AUT"]

1. d4 Nf6 2. c4 e6 3. Nc3 Bb4 4. e3 O-O 5. Bd3 d5 6. cxd5 exd5 7. Nge2 Re8 8.
Qc2 a5 9. O-O Na6 10. a3 Bf8 11. e4 dxe4 12. Nxe4 Nxe4 13. Bxe4 h6 14. Be3 c6
15. d5 cxd5 16. Rad1 Be6 17. Nf4 Rc8 18. Qe2 Bc5 19. Bxd5 Bxd5 20. Nxd5 Bxe3
21. fxe3 Qg5 22. Qb5 Nc5 23. b4 axb4 24. axb4 Red8 25. bxc5 Rxd5 26. Qxb7 Qxe3+
27. Kh1 Rdxc5 28. Qxf7+ Kh7 29. Qf3 Qxf3 30. Rxf3 1/2-1/2

[Event "AUT_chT"]
[Site "2005/2006"]
[Date "2006.03.23"]
[Round "8"]
[White "Balinov, Ilija"]
[Black "Novkovic, Milan"]
[Result "1/2-1/2"]
[WhiteElo "2455"]
[BlackElo "2402"]
[PlyCount "147"]
[EventDate "2005.10.??"]
[EventType "team"]
[EventRounds "11"]
[EventCountry "AUT"]
[WhiteTeam "Styria Graz - Kl.Zeitung"]
[BlackTeam "Hohenems"]
[WhiteTeamCountry "AUT"]
[BlackTeamCountry "AUT"]

1. e4 c5 2. Nf3 e6 3. d4 cxd4 4. Nxd4 a6 5. Bd3 Nf6 6. O-O d6 7. c4 Nc6 8. Be3
Nxd4 9. Bxd4 Bd7 10. Nc3 Be7 11. f4 Bc6 12. Qe2 Qc7 13. Rac1 Rc8 14. Nd5 exd5
15. cxd5 Qd7 16. dxc6 Rxc6 17. Rxc6 Qxc6 18. e5 dxe5 19. fxe5 Nd5 20. Kh1 Nc7
21. Be4 Qd7 22. Rd1 Ne6 23. Bb6 Qa4 24. Bxb7 O-O 25. b3 Qb4 26. Qxa6 Bc5 27.
Ba5 Qf4 28. Qe2 Nd4 29. Qe4 Qf2 30. Bd5 Nc2 31. Qf3 Qh4 32. Bc3 Ne3 33. Re1 Ng4
34. h3 Nf2+ 35. Kh2 Kh8 36. b4 Ba7 37. Be4 Rc8 38. Re2 Ng4+ 39. Qxg4 Qxg4 40.
hxg4 Rxc3 41. Rc2 Bd4 42. a3 Bxe5+ 43. Kg1 Kg8 44. Rxc3 Bxc3 45. Kf2 Bb2 46. a4
Bc3 47. b5 Kf8 48. Ke3 Ke7 49. b6 Kd6 50. Kd3 Ba5 51. b7 Kc7 52. Kc4 Bd2 53.
Kb5 Be3 54. a5 h6 55. a6 Bf2 56. Bd5 f6 57. Be4 g5 58. Kc4 Kb8 59. Kd5 Bg3 60.
Ke6 Be5 61. Kf7 Ka7 62. Bd3 Kb8 63. Kg6 Ka7 64. Kxh6 Kb8 65. Kg6 Ka7 66. Kf5
Kb8 67. Ke6 Bd4 68. Ke7 Be5 69. Ke8 Bd4 70. Be2 Be5 71. Kd8 Bd4 72. Kd7 Be3 73.
Kc6 Bd4 74. Kd5 1/2-1/2

[Event "AUT_chT"]
[Site "2005/2006"]
[Date "2006.03.23"]
[Round "8"]
[White "Gaertner, Guntram"]
[Black "Wittmann, Walter"]
[Result "1/2-1/2"]
[WhiteElo "2352"]
[BlackElo "2372"]
[PlyCount "26"]
[EventDate "2005.10.??"]
[EventType "team"]
[EventRounds "11"]
[EventCountry "AUT"]
[WhiteTeam "Hohenems"]
[BlackTeam "Styria Graz - Kl.Zeitung"]
[WhiteTeamCountry "AUT"]
[BlackTeamCountry "AUT"]

1. d4 Nf6 2. Nf3 g6 3. c3 Bg7 4. Bg5 d6 5. Nbd2 h6 6. Bh4 Nbd7 7. e3 O-O 8. Be2
e5 9. Ne4 Qe8 10. Nxf6+ Nxf6 11. dxe5 dxe5 12. Qb3 Be6 13. Bc4 Bxc4 1/2-1/2

[Event "AUT_chT"]
[Site "2005/2006"]
[Date "2006.03.23"]
[Round "8"]
[White "Fogarasi, Tibor"]
[Black "Sprenger, Jan Michael"]
[Result "1/2-1/2"]
[WhiteElo "2481"]
[BlackElo "2505"]
[PlyCount "51"]
[EventDate "2005.10.??"]
[EventType "team"]
[EventRounds "11"]
[EventCountry "AUT"]
[WhiteTeam "Admiral Fuerstenfeld"]
[BlackTeam "Wulkaprodersdorf"]
[WhiteTeamCountry "AUT"]
[BlackTeamCountry "AUT"]

1. e4 c5 2. Nf3 d6 3. d4 cxd4 4. Nxd4 Nf6 5. Nc3 a6 6. a4 e5 7. Nf3 Be7 8. Bg5
Be6 9. Bxf6 Bxf6 10. Nd5 Nd7 11. Bc4 Nb6 12. Nxf6+ Qxf6 13. Bxe6 Qxe6 14. a5
Nc8 15. O-O Ne7 16. Ra3 Rd8 17. Rd3 O-O 18. Re1 f6 19. c3 Rd7 20. Qa4 Rc8 21.
Red1 Kf7 22. g3 h5 23. Qc2 Nc6 24. Qa4 Ne7 25. Qc2 Nc6 26. Qa4 1/2-1/2

[Event "AUT_chT"]
[Site "2005/2006"]
[Date "2006.03.23"]
[Round "8"]
[White "Likavsky, Tomas"]
[Black "Baumegger, Siegfried"]
[Result "1-0"]
[WhiteElo "2493"]
[BlackElo "2413"]
[PlyCount "81"]
[EventDate "2005.10.??"]
[EventType "team"]
[EventRounds "11"]
[EventCountry "AUT"]
[WhiteTeam "Wulkaprodersdorf"]
[BlackTeam "Admiral Fuerstenfeld"]
[WhiteTeamCountry "AUT"]
[BlackTeamCountry "AUT"]

1. c4 e6 2. g3 d5 3. Bg2 Nf6 4. Nf3 Be7 5. O-O O-O 6. d4 Nbd7 7. Qc2 c6 8. Nbd2
b6 9. e4 Bb7 10. e5 Ne8 11. cxd5 exd5 12. h4 Nc7 13. Re1 Ne6 14. Nf1 c5 15. Ne3
g6 16. Qd1 Rc8 17. Nc2 Re8 18. Bh6 Ndf8 19. Qd2 Rc7 20. Rad1 c4 21. Ne3 b5 22.
a3 Bc6 23. Ng4 Rb7 24. Bg5 Nd7 25. Bxe7 Qxe7 26. Ng5 Rf8 27. f4 Ng7 28. Nh6+
Kh8 29. Bh3 Nb6 30. f5 f6 31. exf6 Qxf6 32. Rf1 Qd6 33. Kg2 gxf5 34. Nxf5 Nxf5
35. Bxf5 Rg7 36. Bxh7 Rxh7 37. Nxh7 Kxh7 38. Qg5 Be8 39. Rxf8 Qxf8 40. Re1 Nc8
41. Qd8 1-0

[Event "AUT_chT"]
[Site "2005/2006"]
[Date "2006.03.23"]
[Round "8"]
[White "Sommerbauer, Norbert"]
[Black "Gergacz, Attila"]
[Result "1-0"]
[WhiteElo "2452"]
[BlackElo "2209"]
[PlyCount "53"]
[EventDate "2005.10.??"]
[EventType "team"]
[EventRounds "11"]
[EventCountry "AUT"]
[WhiteTeam "Wulkaprodersdorf"]
[BlackTeam "Admiral Fuerstenfeld"]
[WhiteTeamCountry "AUT"]
[BlackTeamCountry "AUT"]

1. e4 e6 2. c4 d5 3. exd5 exd5 4. d4 Nf6 5. Nc3 Be7 6. Nf3 O-O 7. Bd3 dxc4 8.
Bxc4 Bd6 9. O-O Bg4 10. h3 Bh5 11. g4 Bg6 12. Ne5 Ne4 13. Nxg6 Nxc3 14. bxc3
hxg6 15. Qd3 Qh4 16. Kg2 Kh8 17. Bd2 Nc6 18. Rae1 Na5 19. Bd5 c6 20. Bf3 Rae8
21. c4 Bc7 22. Bb4 Rg8 23. d5 Qg5 24. d6 c5 25. dxc7 cxb4 26. Rxe8 Rxe8 27. Qd7
1-0